000 00484cam a2200193ua 4500
001 3743
005 20260515113725.0
008 120204n ii |||gr||||Z||||||asm
040 _cMAIN
082 _a891.4514
100 _aGoswami, Suren,
_eAuthor.
245 1 1 _aAsamiya gadya sahitya
_cby Suren Goswami
250 _a1st.
260 _aKamrup:
_bDebajani Prakashan,995.
300 _a164p:
_c23cm.
653 _aAssamee literature
653 _aAsamiya gadya sahitya
942 _cBK
999 _c3567
_d3567